Materials for Design (Record no. 13252)

000 -LEADER
fixed length control field 00272 a2200109 4500
008 - FIXED-LENGTH DATA ELEMENTS--GENERAL INFORMATION
fixed length control field 250417b ||||| |||| 00| 0 eng d
020 ## - INTERNATIONAL STANDARD BOOK NUMBER
International Standard Book Number 9781780673448
100 ## - MAIN ENTRY--PERSONAL NAME
Personal name Chris Lefteri
245 ## - TITLE STATEMENT
Title Materials for Design
260 ## - PUBLICATION, DISTRIBUTION, ETC. (IMPRINT)
Name of publisher, distributor, etc Laurence King Publishing
Date of publication, distribution, etc 2014
942 ## - ADDED ENTRY ELEMENTS (KOHA)
Source of classification or shelving scheme
Holdings
Withdrawn status Lost status Source of classification or shelving scheme Damaged status Koha normalized classification for sorting Not for loan Permanent location Current location Date acquired Source of acquisition Cost, normal purchase price Full call number Barcode Date last seen Cost, replacement price Price effective from Koha item type
        721_044000000000000   BMS College of Architecture, Design and Planning BMS College of Architecture, Design and Planning 2025-04-25 1 2291.63 721.044 AR-UG4705 2025-04-25 3055.50 2025-04-25 B.Design
Copyright © 2025, The Librarian, Library and Information Centre, BMSCA D&P, Bengaluru. All Rights Reserved
web counter

Powered by Koha